| 000 | 00729nam a2200253 a 4500 | ||
|---|---|---|---|
| 001 | BRCA_5371 | ||
| 005 | 20190320205041.0 | ||
| 008 | 081210s1898----gw-a######---#000-0#ger-# | ||
| 041 | _ager | ||
| 044 | _agw | ||
| 050 | 4 |
_aNB623 _b.G68 1898 |
|
| 100 | 1 |
_aGotthold Meyer, Alfred _913747 |
|
| 245 | 1 | 0 |
_aCanova _cAlfred Gotthold Meyer |
| 260 |
_aBielefeld, Alemania _bVelhagen & Klasing _c1898 |
||
| 300 |
_a115 p. _bil. color, 97 láminas _c26 cm. |
||
| 440 | 0 |
_aKünstler Monographien _v36 _913466 |
|
| 500 | _aEdición con cantos dorados | ||
| 500 | _aE115 | ||
| 504 | _aBibliografía: p. [116] | ||
| 600 | 1 | 4 |
_aCanova, Antonio _d1757-1822 _913748 |
| 650 | 1 | 4 |
_aEscultores italianos _97653 |
| 902 | _aGFM | ||
| 942 |
_2lcc _cB |
||
| 999 |
_c5065 _d5065 |
||